Analogies of Countries #1 - Statistics

General Stats
  • This quiz has been taken 68,446 times
    68,364 since last reset
  • The average score is 14 of 22
Answer Stats
Hint Answer % Correct
Vatican City is to Italy Lesotho is to {South} {Africa}
96%
Canary Islands is to Spain Greenland is to {Denmark}
87%
Costa Rica is to Panama {Nicaragua} is to Costa Rica
82%
Islam is to Saudi Arabia Buddhism is to {India}
81%
Portuguese is to Brazil {Arabic} is to Egypt
79%
Everest is to Nepal {Kilimanjaro} is to Tanzania
79%
Paella is to Spain Phở is to {Vietnam}
71%
Indonesia is to Netherlands Laos is to {France}
67%
Persian is to Iran Khmer is to {Cambodia}
65%
Naypyidaw is to Myanmar {Bogota} is to Colombia
63%
Giant Panda is to China Komodo Dragon is to {Indonesia}
62%
Almaty is to Kazakhstan {Ho} {Chi} {Minh} {City} is to Vietnam
61%
Taipei 101 is to Taiwan Petronas Towers are to {Malaysia}
56%
Gobi is to China Atacama is to {Chile}
54%
Honshu is to Japan Luzon is to {Philippines}
52%
Bundesliga is to Germany {La} {Liga} is to Spain
51%
Quoc Ngu is to Vietnam Pinyin is to {China}
51%
Suvarnabhumi is to Thailand Schiphol is to {Netherlands}
45%
Loire is to France Po is to {Italy}
44%
Won is to South Korea {Lira} is to Turkey
41%
.ru is to Russia .hr is to {Croatia}
37%
El Al is to Israel {Qantas} is to Australia
34%
No matching quizzes found
Score Distribution
Percent of People with Each Score
Percentile by Number Answered
Your Score History
You have not taken this quiz since the last reset